000
00297nam a2200121 a 4500
008
101022s1959|||| d
100
1
_a
Kuznecov, Anatolij
245
1
0
_a
Legenda pokračuje
260
_b
Slvoenský spisovateľ
_a
Bratislava
_c
1959
020
_c
13
041
_a
slo
044
_a
xo
_c
SK
999
_c
12039
_d
12039